MARC

LEADER 00000nam0a2200000 4500
001 254328
005 20231101232926.0
010 |a 527900247X 
020 |a RU  |b 89-51555 
035 |a (RuTPU)RU\TPU\book\276774 
090 |a 254328 
100 |a 20140320d1989 k a0rusy5003 ca 
101 1 |a rus  |c eng 
102 |a RU 
105 |a a z 001zy 
200 1 |a Факторный дискриминантный и кластерный анализ  |e пер. с англ.  |f под ред. И. С. Енюкова 
210 |a Москва  |c Финансы и статистика  |d 1989 
215 |a 215 с.  |c ил. 
320 |a Библиогр. в конце работ 
606 1 |a Кластерный анализ  |2 stltpush  |3 (RuTPU)RU\TPU\subj\14485  |9 40865 
606 1 |a Факторный анализ  |2 stltpush  |3 (RuTPU)RU\TPU\subj\60534  |9 77815 
610 1 |a статистический анализ 
610 1 |a многомерный анализ 
610 1 |a дискриминантный анализ 
610 1 |a функции 
610 1 |a решения 
675 |a 519.23  |z rus 
702 1 |a Енюков  |b И. С.  |g Игорь Семенович  |4 340 
801 0 |a RU  |b RuMRKP  |c 19950417  |g psbo 
801 1 |a RU  |b 63413507  |c 20140320 
801 2 |a RU  |b 63413507  |c 20190910  |g RCR 
942 |c BK